Stati per produzione di uva - Statistics

Statistiche generali
  • Questo quiz è stato fatto 13 volte
  • Il punteggio medio è 13 su 15
Statistiche sulle risposte
Continente Produzione (tonnellate) Stato % Corretto
America del Sud 1 758 418 Argentina
100%
Oceania 1 772 911 Australia
100%
America del Sud 2 473 588 Cile
100%
Asia 14 812 680 Cina
100%
Europa 6 247 034 Francia
100%
Asia 2 590 000 India
100%
Europa 8 201 914 Italia
100%
Europa 5 931 239 Spagna
100%
America del Nord 7 097 723 Stati Uniti
100%
Asia / Europa 4 000 000 Turchia
100%
Africa 2 008 819 Sudafrica
90%
Asia 2 450 021 Iran
70%
Africa 1 716 846 Egitto
60%
Europa 1 225 570 Germania
60%
Asia 1 642 349 Uzbekistan
60%
Nessun quiz corrispondente trovato
Distribuzione punteggi
Percentuale di utenti per punteggio
Percentile per numero di risposta
I tuoi punteggi nel tempo
Non hai fatto questo quiz